[Event "H.C. Andersen Open"]
[Site "Odense"]
[Date "2012.05.17"]
[Round "2"]
[White "Becker, Martin"]
[Black "Nielsen, Brian"]
[Result "1/2-1/2"]
[WhiteElo "2365"]
[BlackElo "1998"]
[PlyCount "79"]
[EventDate "2012.05.16"]
[EventType "swiss"]
[EventRounds "9"]
[EventCountry "DEN"]
[SourceTitle "CBM 148 Extra"]
[Source "ChessBase"]
[SourceDate "2012.06.22"]

1. c4 g6 2. g3 Bg7 3. Bg2 e5 4. Nc3 f5 5. d3 Nf6 6. Nf3 Nc6 7. O-O O-O 8. Rb1
d6 9. b4 h6 10. b5 Ne7 11. Nd2 Rb8 12. a4 Be6 13. Ba3 Qd7 14. Qc2 f4 15. Nce4
b6 16. Nxf6+ Rxf6 17. Ne4 Rf7 18. Nc3 fxg3 19. fxg3 Rbf8 20. e4 h5 21. Rxf7
Rxf7 22. Bc1 Kh7 23. Bg5 Ng8 24. Nd5 Bh6 25. Qd2 Bxd5 26. cxd5 Qg4 27. Bxh6
Nxh6 28. Rf1 Kg7 29. Rxf7+ Nxf7 30. Qc2 Qd7 31. Qc1 Nd8 32. Qf1 Nb7 33. Bh3 Qf7
34. Qd1 Qf6 35. Bf1 Nc5 36. Be2 Qg5 37. Kf2 h4 38. Bf3 hxg3+ 39. hxg3 Qh6 40.
Bg2 1/2-1/2

[Event "H.C. Andersen Open"]
[Site "Odense"]
[Date "2012.05.17"]
[Round "2"]
[White "Johansen, Johnny Holler"]
[Black "Andersen, Bjarne Hjorth"]
[Result "1-0"]
[WhiteElo "1967"]
[BlackElo "2035"]
[PlyCount "73"]
[EventDate "2012.05.16"]
[EventType "swiss"]
[EventRounds "9"]
[EventCountry "DEN"]
[SourceTitle "CBM 148 Extra"]
[Source "ChessBase"]
[SourceDate "2012.06.22"]

1. e4 c6 2. d4 d5 3. exd5 cxd5 4. Bd3 Nf6 5. c3 Nc6 6. Bf4 e6 7. Nf3 Bd6 8. Bg3
Bxg3 9. hxg3 Qb6 10. Qc2 Bd7 11. Nbd2 h6 12. Nf1 O-O-O 13. O-O-O Ng4 14. N1h2
Nxh2 15. Rxh2 f6 16. Rhh1 Kb8 17. Kb1 Rc8 18. Qd2 Na5 19. Rhe1 Nc4 20. Bxc4
Rxc4 21. Rc1 Rhc8 22. Ka1 Qa5 23. Re3 g5 24. g4 b5 25. b4 Qc7 26. Kb2 Qf4 27.
Rh1 Rh8 28. g3 Qxg4 29. Qd3 Qf5 30. Qxf5 exf5 31. Re7 Kc8 32. Nd2 Rc7 33. Nb3
Kd8 34. Rf7 Bc8 35. Rxf6 h5 36. Nc5 Re7 37. Kb3 1-0

[Event "H.C. Andersen Open"]
[Site "Odense"]
[Date "2012.05.17"]
[Round "2"]
[White "Tari, Aryan"]
[Black "Haub, Thorsten Michael"]
[Result "0-1"]
[WhiteElo "2216"]
[BlackElo "2476"]
[PlyCount "94"]
[EventDate "2012.05.16"]
[EventType "swiss"]
[EventRounds "9"]
[EventCountry "DEN"]
[SourceTitle "CBM 148 Extra"]
[Source "ChessBase"]
[SourceDate "2012.06.22"]

1. e4 g6 2. d4 Bg7 3. Nc3 d6 4. f4 a6 5. Nf3 e6 6. Bd3 Ne7 7. O-O O-O 8. Be3 b5
9. Qd2 f5 10. e5 Nd7 11. Bf2 Nb6 12. a4 b4 13. Ne2 a5 14. c3 bxc3 15. bxc3 Bb7
16. Bh4 Bd5 17. Qc2 Nc4 18. Bf2 Qd7 19. Nd2 Nxd2 20. Qxd2 Qc6 21. Bh4 Nc8 22.
Ng3 Bc4 23. Rfe1 Re8 24. Bxc4 Qxc4 25. Nf1 Nb6 26. Ne3 Qc6 27. Qc2 dxe5 28.
dxe5 Bf8 29. Bf2 Bc5 30. Nd1 Bxf2+ 31. Nxf2 Nd5 32. g3 Qxc3 33. Qxc3 Nxc3 34.
Ra3 Nd5 35. Rc1 Reb8 36. Nd1 Ra6 37. Ne3 c6 38. Nxd5 exd5 39. Rcc3 Kf7 40. Rab3
Rb4 41. Kf2 Rab6 42. Rxb4 axb4 43. Rc1 Ke6 44. Ke3 Kd7 45. Kd4 Ra6 46. Kc5 Rxa4
47. Rb1 Ra5+ 0-1

[Event "H.C. Andersen Open"]
[Site "Odense"]
[Date "2012.05.17"]
[Round "3"]
[White "Skytte, Torill"]
[Black "Becker, Martin"]
[Result "1/2-1/2"]
[WhiteElo "1973"]
[BlackElo "2365"]
[PlyCount "157"]
[EventDate "2012.05.16"]
[EventType "swiss"]
[EventRounds "9"]
[EventCountry "DEN"]
[SourceTitle "CBM 148 Extra"]
[Source "ChessBase"]
[SourceDate "2012.06.22"]

1. d4 Nf6 2. Bf4 e6 3. e3 c5 4. c3 b6 5. Nd2 Bb7 6. Ngf3 Nc6 7. Bd3 d5 8. Ne5
c4 9. Bc2 Be7 10. Qf3 b5 11. O-O Nxe5 12. dxe5 Nd7 13. Qg3 g6 14. Nf3 Nc5 15.
Rfd1 Qc7 16. Bh6 Bf8 17. Bxf8 Rxf8 18. a4 bxa4 19. Bxa4+ Bc6 20. Bc2 a5 21. Qh4
h5 22. Qd4 Nd7 23. Ra2 Qb6 24. Rda1 Qc7 25. h3 Ke7 26. Qh4+ Ke8 27. Qg5 Nc5 28.
Nd4 Bd7 29. f4 Nb7 30. e4 Qd8 31. Qg3 Rg8 32. Qf3 Bc8 33. Ba4+ Kf8 34. Bc6 dxe4
35. Bxe4 Qb6 36. Kh1 Kg7 37. Qe2 Qc5 38. Ra4 Qb6 39. Rxc4 Bd7 40. b4 Rac8 41.
Rxc8 Rxc8 42. Qf3 Rc7 43. Bxb7 Rxb7 44. Rxa5 Rc7 45. Qg3 Ra7 46. Rxa7 Qxa7 47.
Nb3 Qa3 48. Nc5 Bc6 49. h4 Qb2 50. Kh2 Qd2 51. Nb3 Qd5 52. Nd4 Bb7 53. Qf3 Qd7
54. Qf2 Qd5 55. Nf3 Qd3 56. Qd2 Qf5 57. Ng5 Qg4 58. Qf2 Qd1 59. c4 Qc1 60. c5
Qc4 61. Qd2 Bd5 62. Nf3 Qb3 63. Nd4 Qc4 64. Nc2 Qb3 65. Ne3 Bc6 66. Nc2 Bd5 67.
Nd4 Qc4 68. Ne2 Bc6 69. Nc3 Qb3 70. b5 Bxb5 71. Nxb5 Qxb5 72. Qd6 Qc4 73. Kg3
Qc3+ 74. Kh2 Qc4 75. Qd2 Qxc5 76. Qd8 Qf8 77. Qf6+ Kg8 78. Kh3 Qc8 79. Qg5
1/2-1/2

[Event "H.C. Andersen Open"]
[Site "Odense"]
[Date "2012.05.18"]
[Round "4"]
[White "Andersen, Bjarne Hjorth"]
[Black "Skytte, Torill"]
[Result "0-1"]
[WhiteElo "2035"]
[BlackElo "1973"]
[PlyCount "88"]
[EventDate "2012.05.16"]
[EventType "swiss"]
[EventRounds "9"]
[EventCountry "DEN"]
[SourceTitle "CBM 148 Extra"]
[Source "ChessBase"]
[SourceDate "2012.06.22"]

1. e4 e6 2. d4 d5 3. exd5 exd5 4. Bd3 Nc6 5. c3 Bd6 6. Nf3 Nge7 7. Bg5 f6 8.
Bh4 Bg4 9. Nbd2 Qd7 10. Qc2 Qe6+ 11. Kd1 O-O-O 12. Bg3 Bxg3 13. hxg3 Nf5 14.
Kc1 Rd6 15. Nh4 Nxh4 16. gxh4 Nxd4 17. Qa4 Nc6 18. Nb3 Ne5 19. Nc5 Nxd3+ 20.
Nxd3 Kb8 21. Re1 Qd7 22. Qb4 Bf5 23. Qd4 Bxd3 24. Qxd3 d4 25. c4 Qc6 26. Re4
Rhd8 27. g4 a6 28. Kc2 Qa4+ 29. Qb3 d3+ 30. Kd2 Qa5+ 31. Qc3 Qc5 32. Re3 Rd4
33. b4 Qxc4 34. Qxc4 Rxc4 35. Rxd3 Rxd3+ 36. Kxd3 Rxg4 37. Re1 Rxb4 38. Re8+
Ka7 39. Re7 Rxh4 40. Rxc7 Rg4 41. f3 Rg2 42. a3 h5 43. Ke3 h4 44. Rc4 g5 0-1

[Event "H.C. Andersen Open"]
[Site "Odense"]
[Date "2012.05.18"]
[Round "4"]
[White "Becker, Martin"]
[Black "Hauge, Lars Oskar"]
[Result "0-1"]
[WhiteElo "2365"]
[BlackElo "2071"]
[PlyCount "74"]
[EventDate "2012.05.16"]
[EventType "swiss"]
[EventRounds "9"]
[EventCountry "DEN"]
[SourceTitle "CBM 148 Extra"]
[Source "ChessBase"]
[SourceDate "2012.06.22"]

1. d4 Nf6 2. Bg5 e6 3. Nd2 h6 4. Bh4 d5 5. e3 c5 6. c3 Nbd7 7. Bd3 Bd6 8. Ne2
Qc7 9. Bg3 O-O 10. Bxd6 Qxd6 11. O-O b6 12. Ng3 Bb7 13. Rc1 a6 14. f4 Rfd8 15.
Qe2 b5 16. Nf3 b4 17. cxb4 c4 18. Bc2 Qxb4 19. Ne5 Qd6 20. Ba4 Rac8 21. Nh5 Qe7
22. g4 Nxe5 23. fxe5 Ne4 24. Bc2 Qg5 25. Bxe4 dxe4 26. Rf4 Bd5 27. Rcf1 Rd7 28.
Ng3 c3 29. Qxa6 Rdc7 30. bxc3 Bc4 31. Qa5 Bxf1 32. Kxf1 Rxc3 33. Nxe4 Rc1+ 34.
Ke2 Qh4 35. Nf2 R8c2+ 36. Kd3 Rxf2 37. Qd8+ Qxd8 0-1

[Event "H.C. Andersen Open"]
[Site "Odense"]
[Date "2012.05.18"]
[Round "5"]
[White "Munksgaard, Daniel"]
[Black "Becker, Martin"]
[Result "1-0"]
[WhiteElo "1877"]
[BlackElo "2365"]
[PlyCount "79"]
[EventDate "2012.05.16"]
[EventType "swiss"]
[EventRounds "9"]
[EventCountry "DEN"]
[SourceTitle "CBM 148 Extra"]
[Source "ChessBase"]
[SourceDate "2012.06.22"]

1. e4 c5 2. Nf3 Nf6 3. Nc3 d5 4. exd5 Nxd5 5. d4 e6 6. dxc5 Nxc3 7. Qxd8+ Kxd8
8. bxc3 Bxc5 9. Bf4 Nc6 10. Bb5 Bd7 11. Rd1 Ke7 12. O-O Rac8 13. Rd2 Rhd8 14.
Rfd1 f6 15. h3 e5 16. Bxc6 Bxc6 17. Nxe5 fxe5 18. Bg5+ Ke6 19. Rxd8 Rc7 20.
R8d2 b6 21. Be3 Be7 22. Re1 Bd5 23. Bf4 Bf6 24. Bxe5 Bxe5 25. f4 Bxa2 26. Rxe5+
Kf7 27. g4 Bc4 28. Kf2 b5 29. Rd8 a5 30. Ke3 a4 31. Ra8 Rd7 32. Rc5 Re7+ 33.
Kd4 Rd7+ 34. Ke5 Re7+ 35. Kd6 Re6+ 36. Kc7 Re7+ 37. Kb6 Re3 38. Rc7+ Kf6 39.
Rf8+ Kg6 40. Rc6+ 1-0

[Event "H.C. Andersen Open"]
[Site "Odense"]
[Date "2012.05.19"]
[Round "7"]
[White "Becker, Martin"]
[Black "Rasmussen, Jens"]
[Result "1-0"]
[WhiteElo "2365"]
[BlackElo "1708"]
[PlyCount "85"]
[EventDate "2012.05.16"]
[EventType "swiss"]
[EventRounds "9"]
[EventCountry "DEN"]
[SourceTitle "CBM 148 Extra"]
[Source "ChessBase"]
[SourceDate "2012.06.22"]

1. e4 d6 2. d4 Nf6 3. Bd3 c6 4. Ne2 e5 5. h3 Nbd7 6. c3 Be7 7. Be3 O-O 8. Nd2
d5 9. f3 dxe4 10. fxe4 exd4 11. cxd4 Nh5 12. O-O Nhf6 13. Qc2 h6 14. Nf4 g5 15.
Ne2 c5 16. Bc4 Nb6 17. Rad1 cxd4 18. Bxd4 Bd7 19. Bb3 a5 20. Nc4 Nxc4 21. Bxc4
Rc8 22. Qd3 Be6 23. Bxe6 fxe6 24. e5 Nd5 25. Qg6+ Kh8 26. Qxh6+ Kg8 27. Qxe6+
Kg7 28. Rxf8 Bxf8 29. Qf5 Be7 30. e6+ Bf6 31. Qxg5+ Kf8 32. Qh6+ Kg8 33. Qg6+
Kh8 34. Qh5+ Kg8 35. Bxf6 Qb6+ 36. Bd4 Qxe6 37. Qg5+ Kf7 38. Rf1+ Ke8 39. Rf5
Rc1+ 40. Nxc1 Qe1+ 41. Kh2 Ne7 42. Re5 Qb4 43. Bc5 1-0

[Event "H.C. Andersen Open"]
[Site "Odense"]
[Date "2012.05.20"]
[Round "8"]
[White "Heinemann, Guido"]
[Black "Andersen, Bjarne Hjorth"]
[Result "1-0"]
[WhiteElo "1885"]
[BlackElo "2035"]
[PlyCount "77"]
[EventDate "2012.05.16"]
[EventType "swiss"]
[EventRounds "9"]
[EventCountry "DEN"]
[SourceTitle "CBM 148 Extra"]
[Source "ChessBase"]
[SourceDate "2012.06.22"]

1. e4 c6 2. d4 d5 3. Nc3 dxe4 4. f3 e5 5. d5 cxd5 6. Qxd5 Qxd5 7. Nxd5 Bd6 8.
fxe4 Ne7 9. Be3 Nxd5 10. exd5 O-O 11. Nf3 Bf5 12. c4 Nd7 13. Be2 b6 14. O-O
Rac8 15. Nd2 Bg6 16. Rac1 Bc5 17. Bf2 f5 18. Nb3 Bxf2+ 19. Kxf2 h5 20. Rfd1 f4
21. a4 h4 22. a5 Bf5 23. axb6 axb6 24. h3 e4 25. Nd4 e3+ 26. Kg1 Be4 27. Nf3
Bxf3 28. Bxf3 Ne5 29. d6 Nxf3+ 30. gxf3 Rcd8 31. b4 Rf6 32. c5 bxc5 33. bxc5
Rg6+ 34. Kh2 Rg3 35. c6 Rxf3 36. c7 Ra8 37. c8=Q+ Rxc8 38. Rxc8+ Kh7 39. Rc2
1-0

[Event "H.C. Andersen Open"]
[Site "Odense"]
[Date "2012.05.20"]
[Round "8"]
[White "Nielsen, Thomas (1994)"]
[Black "Becker, Martin"]
[Result "0-1"]
[WhiteElo "1616"]
[BlackElo "2365"]
[PlyCount "118"]
[EventDate "2012.05.16"]
[EventType "swiss"]
[EventRounds "9"]
[EventCountry "DEN"]
[SourceTitle "CBM 148 Extra"]
[Source "ChessBase"]
[SourceDate "2012.06.22"]

1. d4 g6 2. e3 Nf6 3. Nf3 Bg7 4. Bd2 d6 5. Nc3 O-O 6. Be2 Nbd7 7. O-O d5 8. Re1
c6 9. Rb1 Ne4 10. Nxe4 dxe4 11. Ng5 Nf6 12. f3 exf3 13. Nxf3 Be6 14. c4 Bf5 15.
Rc1 Ne4 16. Nh4 Be6 17. Bb4 Rc8 18. Bd3 Nf6 19. Nf3 Ne8 20. e4 Bg4 21. Bc3 Bxf3
22. Qxf3 Bxd4+ 23. Bxd4 Qxd4+ 24. Kh1 Ng7 25. b3 Rcd8 26. Rcd1 Ne6 27. Bf1 Qb6
28. Rxd8 Rxd8 29. Rd1 Qa5 30. Rxd8+ Qxd8 31. Qd3 Qc7 32. Qe3 c5 33. b4 b6 34.
b5 Qe5 35. g3 Qd4 36. Qxd4 cxd4 37. Kg2 Nc5 38. Kf3 e5 39. Bh3 Kf8 40. Bf1 Ke7
41. h4 Kd6 42. g4 Ne6 43. Ke2 Kc5 44. Kd2 Kb4 45. Kc2 Ka3 46. Kb1 Kb4 47. Kb2
Nc5 48. a3+ Ka5 49. Kc2 Ka4 50. Kb2 Nxe4 51. Bg2 f5 52. gxf5 gxf5 53. Bh3 Nd6
54. Bf1 h6 55. Be2 e4 56. Bd1+ Ka5 57. Kb3 f4 58. Be2 f3 59. Bf1 Nf5 0-1